[Event "FIDE-Wch k.o."]
[Site "New Delhi/Teheran"]
[Date "2000.12.08"]
[Round "4.4"]
[White "Gelfand, Boris"]
[Black "Shirov, Alexei"]
[Result "1/2-1/2"]
[WhiteElo "2681"]
[BlackElo "2746"]
[Annotator "Hecht,H"]
[PlyCount "143"]
[EventDate "2000.11.27"]
[EventType "k.o."]
[EventRounds "7"]
[EventCountry "IND"]
[SourceTitle "CBM 081"]
[Source "ChessBase"]
[SourceDate "2001.03.20"]
[SourceVersion "1"]
[SourceVersionDate "2001.03.20"]
[SourceQuality "1"]

1. d4 d5 2. c4 dxc4 3. Nf3 Nf6 4. e3 e6 5. Bxc4 c5 6. O-O a6 7. Bb3 cxd4 8.
exd4 Nc6 9. Nc3 Be7 10. Bg5 O-O 11. Qd2 h6 12. Bxf6 Bxf6 13. Rad1 Na5 14. Bc2
b5 15. b3 Bb7 16. Ne4 Rc8 17. Bb1 Bxe4 18. Bxe4 Nc6 19. Rfe1 Ne7 20. Bb1 Nd5
21. Qd3 g6 22. Rc1 Qd6 23. g3 Ne7 24. Qe3 Kg7 25. Be4 Rxc1 26. Rxc1 Rd8 27. Rd1
Nc6 28. Bxc6 Qxc6 29. g4 Qd5 30. h4 Rc8 31. g5 hxg5 32. hxg5 Be7 33. Kg2 Bd6
34. Rh1 b4 35. Qe2 Qf5 36. Rh4 Bf4 37. Qxa6 Bxg5 38. Rh3 Rc1 39. Qa8 Bh6 40.
Qb8 Qg4+ 41. Rg3 Qh5 42. Qe5+ Qxe5 43. Nxe5 Bf4 44. Nd3 Bxg3 45. Nxc1 Bd6 {
[#] Leichter schwarzer Vorteil wegen der etwas besseren Leichtfigur. Die
später entstehenden beiderseitigen Freibauern neutralisieren sich gegenseitig.}
46. Nd3 g5 47. Nb2 f5 48. Nc4 Bc7 49. a4 bxa3 50. Nxa3 Bb6 51. Nc2 Kf6 52. b4
e5 53. d5 (53. dxe5+ Kxe5 54. b5 $11) 53... e4 54. Na3 e3 55. fxe3 Bxe3 56. Nc4
Bd4 57. b5 g4 58. b6 f4 59. b7 Ba7 60. Na5 Bb8 61. Nc6 Bc7 62. Kf2 Bb6+ 63. Kf1
Bc7 64. Na7 Ke5 65. Nb5 Bb8 66. d6 Ke6 67. Ke2 Kd7 68. Kd3 g3 69. Ke2 g2 70.
Kf2 f3 71. Kg1 Kc6 72. Nd4+ 1/2-1/2

[Event "RUS-chT 05th"]
[Site "Maikop"]
[Date "1998.06.06"]
[Round "4"]
[White "Rashkovsky, Nukhim N"]
[Black "Dokutchaev, Aleksander"]
[Result "1/2-1/2"]
[WhiteElo "2505"]
[BlackElo "2425"]
[Annotator "Hecht,H"]
[PlyCount "114"]
[EventDate "1998.06.03"]
[EventType "team-tourn"]
[EventRounds "11"]
[EventCountry "RUS"]
[SourceTitle "CBM 066"]
[Source "ChessBase"]
[SourceDate "1998.09.30"]
[SourceVersion "1"]
[SourceVersionDate "1998.09.30"]
[SourceQuality "1"]
[WhiteTeam "Ekaterinburg Agat"]
[BlackTeam "Cherepovets Severstal"]
[WhiteTeamCountry "RUS"]
[BlackTeamCountry "RUS"]

1. d4 d5 2. Nf3 e6 3. c4 dxc4 4. e3 c5 5. Bxc4 a6 6. O-O Nf6 7. a4 Nc6 8. Qe2
Qc7 9. Nc3 Bd6 10. h3 O-O 11. Rd1 b6 12. Bd2 Bb7 13. Rac1 Rfd8 14. Ba2 Rac8 15.
Bb1 Qb8 16. Ne4 Nxe4 17. Bxe4 cxd4 18. exd4 Ne7 19. Ng5 Bxe4 20. Qxe4 Ng6 21.
Rxc8 Qxc8 22. Rc1 Qd7 23. Qc6 Be7 24. Nf3 Qxc6 25. Rxc6 Rb8 26. Ne5 Nxe5 27.
dxe5 Kf8 28. Rc7 Ke8 29. Kf1 a5 30. Bc3 b5 31. b3 bxa4 32. bxa4 Bb4 33. Bd4 Rd8
34. Rc4 Rd5 35. Ke2 Kd7 36. f4 Be7 37. g4 g5 38. f5 Bd8 39. Kf3 Bc7 40. Ke4 h6
41. Rc2 Bd8 42. Rb2 Be7 43. Ra2 Bd8 44. h4 Be7 45. f6 Bb4 46. hxg5 hxg5 47. Rh2
Bc5 48. Bxc5 Rxc5 {[#] Weiß scheint im Vorteil zu sein. Doch ein schwarzer
Freibauer und ein zentral postierter König retten Schwarz.} 49. Rh7 Rc4+ 50.
Kd3 Rxg4 51. Rxf7+ Kc6 52. Rf8 Rf4 53. Rd8 g4 54. Ke3 (54. Rd6+ Kc5 55. Rxe6 g3
56. Re8 g2 (56... Rg4 57. f7 $18) 57. Rg8 Kd5 58. Rxg2 Kxe5 59. Rg5+ Kxf6 60.
Rxa5 Ke6 $11) 54... Rf1 55. Rd6+ Kc5 56. Rd2 g3 57. Rg2 Kd5 1/2-1/2

[Event "Interzonal-16"]
[Site "Biel"]
[Date "1993.??.??"]
[Round "1"]
[White "Huebner, Robert"]
[Black "Brunner, Lucas"]
[Result "1-0"]
[WhiteElo "2605"]
[BlackElo "2475"]
[Annotator "Huebner,R"]
[PlyCount "81"]
[EventDate "1993.07.16"]
[EventType "swiss"]
[EventRounds "13"]
[EventCountry "SUI"]
[SourceTitle "CBM 037"]
[Source "ChessBase"]
[SourceDate "1993.12.01"]
[SourceVersion "1"]
[SourceVersionDate "1993.12.01"]
[SourceQuality "1"]

1. d4 d5 2. Nf3 Nf6 3. c4 dxc4 4. e3 e6 5. Bxc4 c5 6. O-O a6 7. Bd3 cxd4 8.
exd4 Be7 9. Nc3 b5 (9... Nc6) 10. a4 $6 (10. Bg5 Bb7 11. Rc1 O-O {- E 54})
10... b4 11. Ne4 Bb7 12. Qe2 (12. Nc5 $2 Bxc5 13. dxc5 Qc7 {/\ Ng4-/+ Brunner,L
}) (12. Nxf6+ Bxf6 $15) 12... O-O (12... Nbd7 13. a5 (13. Bf4 O-O 14. Nd6 Bd5)
13... Nxe4 (13... O-O 14. Ng3 {פd7}) 14. Bxe4 Bxe4 15. Qxe4 O-O (15... Nf6 16.
Qc6+) 16. Ne5 $10 {><c6}) 13. Neg5 $6 (13. Nxf6+ Bxf6 14. Be4 Bd5 15. Ne5 $10)
13... Nc6 (13... h6 14. Nh3 g5 15. Ne5 Qd5 16. f3 Qxd4+ 17. Nf2 Nbd7 18. Nxd7
Qxd7 19. Rd1 $13) 14. Rd1 (14. Be3 h6 15. Nh3 Nd5 $17) 14... Qd6 $6 (14... h6
15. Nh3 (15. Ne4 Nxd4 16. Nxd4 Qxd4 17. Be3 Qe5 18. f4 Qa5 $17) 15... Na5 $5
$15 (15... g5 $6 16. Bc2 g4 17. Bxh6 $40)) (14... Na5 $5) 15. Be3 Na5 $6 {><e5}
(15... h6 $5 16. Ne4 (16. Nh3 Nd5 $15) 16... Nxe4 17. Bxe4 f5 (17... Na5 18.
Bxb7 Nxb7 19. Ne5 $14) 18. Bd3 Bf6 $10) 16. Ne5 Qd5 (16... Rac8 17. Ng4 Nxg4 (
17... h6 18. Nxf6+ Bxf6 19. Nh7) (17... g6 18. Nxf6+ Bxf6 19. Nxh7 Kxh7 20.
Qh5+ Kg8 21. Qxa5 $16) 18. Bxh7+ Kh8 19. Qxg4 Bxg5 20. Qh3 (20. Qh5 $2 Bh6 21.
Bxh6 Qd5 $19) (20. Qxg5 Kxh7 21. Qxa5 Bd5) 20... Bxe3 (20... Qe7 21. Qh5 $18)
21. fxe3 Rfe8 (21... g6 22. Qh6) 22. Rf1 $40) (16... h6 $5 17. Ngf3 $10) 17. f3
h6 (17... Rac8 $5) 18. Ne4 {><c5} Rfc8 (18... Nxe4 19. fxe4 Qd8 20. d5 $16) (
18... Nc6 19. Nc4 $16 {><b6, c5}) 19. Bf2 {/\ Nc5} Qd8 (19... Nb3 $2 20. Nxf6+
Bxf6 21. Be4 $18) (19... Nd7 $5 20. Nc5 (20. Nxd7 Qxd7 21. Nc5 Bxc5 22. dxc5
Qe7 $10) 20... Nxe5 (20... Bxc5 21. Be4 Qd6 22. Nxd7 Qxd7 (22... Ba7 23. Nc5)
23. dxc5 Qe7 24. Bxb7 Qxb7 25. Rac1 $16) 21. Be4 (21. dxe5 Bxc5 22. Bh7+ Kxh7
23. Rxd5 Bxd5 24. Qc2+ Kg8 25. Bxc5 Nb3 $19) 21... Qc4 22. Qxc4 Nexc4 23. Nxb7
Rab8 (23... Nxb7 24. Bxb7 Nxb2 $13) 24. Nxa5 Nxa5 25. Bg3 Nb3 $8 (25... Rb6 26.
Rac1 $16) 26. Rab1 Rb6 $13) 20. Nc5 Bxc5 21. dxc5 Qe7 (21... Qc7 $6 22. Rac1
$16) 22. Rab1 (22. Rac1 Nb3 23. c6 (23. Rc2 Nxc5 $17) 23... Nxc1 24. Rxc1 Qe8
25. Qc2 (25. Be4 Nd5) 25... Nd5 {/\ Ne7}) 22... Nb3 (22... Nd5 $5 23. Qe4 f5
24. Qe1 Nb3 25. c6 Bxc6 26. Nxc6 (26. Bc4 Bxa4) 26... Rxc6 27. Bxf5 exf5 28.
Rxd5 Qxe1+ (28... Re6 $2 29. Qd1 $18) (28... Qf7 $2 29. Rbd1 $16) 29. Bxe1 (29.
Rxe1 f4 (29... Rf8 $6 30. Re7 Rc1+ 31. Be1 {/\ 32.Rdd7, 32.Kf2+/-}) 30. Re4
Rc1+ 31. Be1 a5 $10) 29... Rc5 30. Rxc5 (30. Rbd1 a5) 30... Nxc5 31. Bxb4 Nxa4
$10) 23. c6 Bxc6 24. Bxa6 Bb7 25. Bb5 Bd5 $2 (25... Nd5 26. Bc4 Na5 (26... Nf4
27. Qf1 (27. Qe3 $2 Qg5) 27... Na5 (27... Nc5 28. b3 $16) 28. Rd7 $36 {/\} Qg5
29. Nxf7) 27. Bb5 (27. Bxd5 Bxd5 28. Ng6 Qf6 29. Ne7+ Qxe7 30. Rxd5 Nc6) 27...
Nb3 $10) 26. Nc4 $16 Bxc4 27. Bxc4 Na5 28. Ba6 $2 (28. Bb5 $16) 28... Rd8 29.
Bb5 (29. Bb6 Rd6) 29... Nd5 30. Qe5 Rac8 31. Rbc1 Rxc1 (31... Qg5 $5 32. Qxg5
hxg5 33. h4 $14) 32. Rxc1 Nb7 $2 (32... Qg5 33. Qxg5 hxg5 34. Be1 f6) 33. Rc6
Na5 34. Ra6 Nb3 35. Ra7 Qf8 (35... Qg5 36. Qxg5 hxg5 37. Bc4 Nd2 38. Bxd5 Rxd5
39. Be1 {/\ Rb7+-}) 36. h3 (36. a5 Rc8 37. h3 $18) 36... Rc8 37. Bd3 $4 (37. a5
$18) 37... Rc1+ $2 (37... Qd8 $13) 38. Kh2 Nd2 (38... Qd8 39. Bg6 Nc7 (39...
Ne7 40. Rxe7 Qxe7 41. Qb8+ Qf8 42. Bh7+) (39... Rc7 40. Bb6) 40. Bxf7+ Kxf7 41.
Bb6 $18) (38... Rc8 39. a5) 39. Rb7 Rc8 40. a5 Qd8 41. a6 1-0

[Event "EU-chT (Men) 11th"]
[Site "Pula"]
[Date "1997.05.??"]
[Round "3.1"]
[White "Cvitan, Ognjen"]
[Black "Magem Badals, Jordi"]
[Result "1/2-1/2"]
[WhiteElo "2550"]
[BlackElo "2570"]
[Annotator "Huzman,A"]
[PlyCount "48"]
[EventDate "1997.05.05"]
[EventType "team-swiss"]
[EventRounds "9"]
[EventCountry "CRO"]
[SourceTitle "CBM 057 Extra"]
[Source "ChessBase"]
[SourceDate "1997.05.01"]
[SourceVersion "1"]
[SourceVersionDate "1997.05.01"]
[SourceQuality "1"]
[WhiteTeam "Croatia II"]
[BlackTeam "Spain"]
[WhiteTeamCountry "CRO"]
[BlackTeamCountry "ESP"]

1. d4 d5 2. c4 dxc4 3. Nf3 a6 4. e3 Nf6 5. Bxc4 e6 6. O-O c5 7. Bb3 Nc6 8. Qe2
cxd4 9. Rd1 d3 10. Rxd3 Qc7 11. Nc3 Be7 12. e4 Nd7 (12... Ng4 $140 $5 13. e5
Ngxe5 14. Bf4 Nxf3+ 15. Qxf3 Qa5 16. Qg3 O-O 17. Bh6 Qe5 $15) 13. Be3 Nc5 14.
Rdd1 O-O (14... Nxb3 15. axb3 {[%cal Gc3a4,Ga4b6,Ya1c1,Yc1c7]}) 15. Bc2 b6 16.
Rac1 (16. a3 Bf6) 16... Bb7 17. a3 Bf6 18. b4 $1 Bxc3 19. bxc5 bxc5 20. Bxc5
Rfd8 21. Qe3 (21. Bd3 $142 $1 Bf6 22. Qe3 $14) 21... Bb2 22. Rb1 Rxd1+ 23. Bxd1
Bf6 24. h3 (24. e5 Nxe5 25. Nxe5 (25. Rxb7 $2 Qxb7 26. Nxe5 Rd8 $1 $19 27. Bc2
Qb1+) 25... Bxe5 26. Rxb7 Bxh2+ 27. Kh1 Qxb7 28. Bf3 Qb1+ 29. Kxh2 Rd8 $11)
24... Ne5 1/2-1/2

[Event "EU-chT (Men) 11th"]
[Site "Pula"]
[Date "1997.05.??"]
[Round "5.1"]
[White "Cvitan, Ognjen"]
[Black "Godena, Michele"]
[Result "1/2-1/2"]
[WhiteElo "2550"]
[BlackElo "2545"]
[Annotator "Huzman,A"]
[PlyCount "83"]
[EventDate "1997.05.05"]
[EventType "team-swiss"]
[EventRounds "9"]
[EventCountry "CRO"]
[SourceTitle "CBM 057 Extra"]
[Source "ChessBase"]
[SourceDate "1997.05.01"]
[SourceVersion "1"]
[SourceVersionDate "1997.05.01"]
[SourceQuality "1"]
[WhiteTeam "Croatia II"]
[BlackTeam "Italy"]
[WhiteTeamCountry "CRO"]
[BlackTeamCountry "ITA"]

1. d4 d5 2. c4 dxc4 3. Nf3 Nf6 4. e3 e6 5. Bxc4 c5 6. O-O a6 7. Bb3 Nc6 8. Qe2
cxd4 9. Rd1 d3 10. Rxd3 Qc7 11. Nc3 Be7 12. e4 Nd7 13. Rd1 O-O 14. Bc2 b6 15.
e5 Rd8 $1 {[%cal Yd7f8,Yf8g6]} (15... Ndxe5 16. Nxe5 $1 (16. Bf4 f6 $1 (16...
Nxf3+ 17. Qxf3 e5 18. Nd5 Qa7 19. Qe4 $16) (16... Bf6 17. Be4 $1 $18) 17. Be4
$44) 16... Nxe5 (16... Qxe5 17. Qe4 $1 Qxe4 18. Bxe4 Bb7 19. Rd7 $18) 17. Bf4
f6 18. Qe4 g6 19. Bxe5 fxe5 20. Qxa8 Bb7 21. Qxf8+ Bxf8 22. Be4 Bxe4 23. Nxe4
Qc2 24. f3 $1 $16 {[%cal Ya1c1,Yc1c8,Yd1d8]}) 16. Bf4 Bb7 17. Rac1 (17. h4 $1 {
/\17...Nf818Bg5 xd6}) 17... Nf8 18. Bb1 Rxd1+ 19. Qxd1 Rd8 20. Qe2 Ng6 21. Bxg6
$5 (21. Bg3 Nd4 22. Nxd4 Rxd4 $15) 21... hxg6 22. Ne4 {[%cal Re4d6]} Qd7 {
[%cal Gd7d3]} 23. Nd6 Bxd6 24. exd6 f6 25. h4 e5 26. Be3 Qxd6 27. Bxb6 Qd3 (
27... Nd4 $1 28. Bxd4 (28. Nxd4 Qxb6 $17) 28... exd4 29. Qd3 Bxf3 30. Qxf3 d3
$17) 28. Qxd3 Rxd3 29. Be3 Nb4 30. Ne1 $15 Rd7 31. a3 Nd5 32. Bd2 Ne7 33. Bc3
Nf5 34. g3 Ne7 $6 (34... Nd4 $142 $15) 35. f3 Kf7 36. Kf2 Ke6 37. g4 Nd5 38.
Nd3 $11 Rc7 39. Bd2 Rxc1 40. Bxc1 Kd6 41. Bd2 Bc6 42. Nb4 1/2-1/2

[Event "Nordic-ch VISA"]
[Site "Reykjavik"]
[Date "1997.10.14"]
[Round "6"]
[White "Gausel, Einar"]
[Black "Schandorff, Lars"]
[Result "1-0"]
[WhiteElo "2540"]
[BlackElo "2505"]
[Annotator "Huzman,A"]
[PlyCount "61"]
[EventDate "1997.10.08"]
[EventType "tourn"]
[EventRounds "13"]
[EventCountry "ISL"]
[EventCategory "10"]
[SourceTitle "CBM 062"]
[Source "ChessBase"]
[SourceDate "1998.01.31"]
[SourceVersion "1"]
[SourceVersionDate "1998.01.31"]
[SourceQuality "1"]

1. d4 d5 2. c4 dxc4 3. e3 Nf6 4. Bxc4 e6 5. Nf3 c5 6. O-O a6 7. Bd3 Nbd7 8. Qe2
b6 9. Rd1 Bb7 10. Nc3 Qb8 11. h3 Be7 12. dxc5 Nxc5 13. Bc2 {[%cal Ge3e4,Ge4e5]}
Nfe4 (13... O-O 14. e4 Rd8 15. Bg5 h6 16. Bh4 Rxd1+ 17. Rxd1 Qe8 18. e5 Nd5 19.
Nxd5 Bxd5 20. Bxe7 Qxe7 21. b4 Nd7 22. Be4 Qxb4 23. Bxd5 exd5 24. Rxd5 Nf8 25.
Nd4 Rc8 26. Kh2 b5 27. Qf3 Rc3 28. Qf5 {Dreev,A-Nikolic,P/Linares14th 1997/CBM
57/1/2-1/2 (42)}) 14. Nxe4 Nxe4 (14... Bxe4 $2 15. b4 Bf6 16. Rb1 Bxc2 17. Qxc2
$32 {+/-}) 15. Rd4 $1 f5 $5 {[%cal Ye7f6]} (15... Nf6 16. e4 e5 (16... O-O 17.
e5 Bxf3 18. gxf3 Nd5 19. Rg4 $36) 17. Rd1 $14 {/=}) 16. Rd1 {[%csl Re6][%cal
Gf3d4]} O-O 17. Nd4 Rf6 $6 (17... Bd5 $11) (17... Bh4 $5 18. Bxe4 fxe4 19. g3
Bf6 (19... Bxg3 20. fxg3 Qxg3+ 21. Qg2 $16) 20. Nxe6 Re8 21. Qc4 (21. Nf4 Qc7
22. Nd5 Bxd5 23. Rxd5 Rad8 $44) 21... Qc8 $44) 18. f3 Ng3 (18... Ng5 19. e4 Qg3
20. Bxg5 Qxg5 21. exf5 Bc5 22. b4 Bxd4+ 23. Rxd4 exf5 24. Rad1 $16) 19. Qf2 {
[%cal Gc2b3,Gb3e6]} Bd6 (19... Bd5 $142 20. Bd2 $14 {[%cal Gd2c3]}) 20. Bb3 Kh8
(20... Bd5 $142 21. Bxd5 exd5 22. Nb3 $14 {[%csl Rd5]}) (20... Kf7 21. e4 $1
fxe4 22. Bg5 $40) 21. Nxe6 $16 Nh5 {[%cal Yd6h2]} 22. f4 {[%cal Ge6g5,Gc1d2,
Gd2c3] The black have not enough compensation for sacrifised pawn.} Rg6 23. Ng5
Rxg5 $5 {Sacrifice of exchange gives the black some,but not enough
compensation.} 24. fxg5 Bh2+ 25. Kh1 Qe5 26. Rd4 $1 {[%cal Gb3d1]} Rf8 (26...
Bg3 27. Qd2 $16) 27. Bd1 $1 Bg3 28. Qd2 Qe8 29. Kg1 $18 Be5 30. Bxh5 Qxh5 31.
Rd8 1-0

[Event "WchT 4th"]
[Site "Luzern"]
[Date "1997.10.28"]
[Round "4.1"]
[White "Lalic, Bogdan"]
[Black "Arencibia Rodriguez, Walter"]
[Result "1/2-1/2"]
[WhiteElo "2600"]
[BlackElo "2550"]
[Annotator "Huzman,A"]
[PlyCount "79"]
[EventDate "1997.10.25"]
[EventType "team-tourn"]
[EventRounds "9"]
[EventCountry "SUI"]
[SourceTitle "CBM 062"]
[Source "ChessBase"]
[SourceDate "1998.01.31"]
[SourceVersion "1"]
[SourceVersionDate "1998.01.31"]
[SourceQuality "1"]
[WhiteTeam "Croatia"]
[BlackTeam "Cuba"]
[WhiteTeamCountry "CRO"]
[BlackTeamCountry "CUB"]

1. d4 d5 2. c4 dxc4 3. Nf3 e6 4. e3 Nf6 5. Bxc4 c5 6. O-O a6 7. Bb3 Nc6 8. Qe2
cxd4 9. Rd1 Be7 10. exd4 Na5 11. Bc2 b5 12. Nc3 Bb7 13. Bg5 (13. Ne5 Rc8 14. a3
O-O 15. Rd3 Nc4 16. Rg3 Qxd4 17. Bh6 Nxe5 18. Rxg7+ Kh8 19. Rd1 Qc5 20. Rd5
Bxd5 21. Qxe5 Be4 {0-1 Illescas Cordoba,M-Anand,V/Leon m 1997/CBM 60/[Huzman]})
13... O-O 14. Bxf6 {This is a very logical move.The white want to controle the
important square "d5".} (14. Qd3 g6 15. Ne5 Rc8 $15 {[%csl Rd4]}) 14... Bxf6
15. Be4 Qb6 $1 {[%cal Yb6d4,Yf6d4,Ya8d8,Yd8d4,Yb6b7]} 16. Rd3 g6 {After
exchange on the "f6"the black can do this move,because now they don't feel
weaknesses of black squares near the black king.} 17. h4 Rad8 18. Bxb7 Nxb7 $1
{[%csl Rd4][%cal Yb7d6,Yd6f5]} (18... Qxb7 $143 19. Ne4 Bg7 20. Nc5 Qb6 21. Ne5
) 19. Ne4 Bg7 20. h5 Nd6 {[%cal Yd6e4,Yd6f5,Yf5d4]} 21. hxg6 hxg6 22. Ng3 Rc8 (
22... Nf5 $5 23. Nxf5 exf5 {[%csl Rd4][%cal Yf8e8,Ye8e4]}) 23. Rad1 Rfe8 {
[%cal Yb6b7,Yb7d5]} 24. b3 Qb7 25. Ne5 Qd5 {[%cal Yc8c7,Ye8c8]} 26. Ng4 Re7 (
26... Qg5 $1 27. Ne3 Rc7 $15 28. d5 $140 e5 $17 {[%cal Ye5e4]}) 27. Qd2 $1 $132
{[%cal Gd2f4]} Rec7 28. Qf4 {[%cal Gg4f6,Gg4e3,Gd4d5]} Rc3 $4 (28... Ne8 29.
Ne3 Qd6 $5 $15) 29. Rxc3 Rxc3 30. Ne3 $1 Qc6 31. d5 $2 (31. Ne2 $1 $18 {
[%csl Rc3]}) 31... e5 $8 (31... exd5 32. Nxd5 $18 {[%cal Gd5e7,Gd5c3]}) 32.
dxc6 exf4 33. Nd5 (33. Rxd6 $2 fxg3 34. Nd1 Rc1 35. fxg3 Be5 36. Rd5 Bxg3 $17)
33... Rc5 34. Ne2 Be5 35. c7 Kg7 $11 {[%cal Yd6e8,Ye8c7]} 36. Nexf4 Bxf4 37.
Nxf4 Ne8 38. Rd8 Nxc7 39. Rc8 a5 40. Kf1 1/2-1/2

[Event "Veterans-Women"]
[Site "Copenhagen"]
[Date "1997.??.??"]
[Round "3"]
[White "Portisch, Lajos"]
[Black "Zhu, Chen"]
[Result "1-0"]
[WhiteElo "2610"]
[BlackElo "2515"]
[Annotator "Huzman,A"]
[PlyCount "73"]
[EventDate "1997.07.23"]
[EventType "schev"]
[EventRounds "10"]
[EventCountry "DEN"]
[SourceTitle "CBM 061"]
[Source "ChessBase"]
[SourceDate "1997.11.23"]
[SourceVersion "1"]
[SourceVersionDate "1997.11.23"]
[SourceQuality "1"]

1. d4 d5 2. c4 c6 3. Nf3 Nf6 4. e3 e6 5. Bd3 Nbd7 6. O-O dxc4 7. Bxc4 a6 8. a4
c5 9. Nc3 Be7 10. Qe2 O-O 11. dxc5 (11. Rd1 Qc7 12. h3 Rd8 13. dxc5 Bxc5 14. e4
Nf8 15. Rxd8 Qxd8 16. Bg5 h6 17. Rd1 Qe7 18. Bc1 e5 19. Nd5 Nxd5 20. exd5 Bd6
21. Re1 f6 22. Bd2 Bd7 23. a5 Kh8 24. Qd3 Re8 25. Qb3 Bc8 26. Nd4 Qf7 27. Nc2
f5 28. Bb4 Bxb4 29. Qxb4 f4 30. Qd6 Bf5 31. Bb3 Ng6 32. f3 Rc8 33. Re2 Bd3 34.
Rd2 Qf5 35. Qe6 Qxe6 36. dxe6 Bc4 37. Bxc4 Rxc4 38. Rd8+ Kh7 39. Ne1 Rc6 40.
Re8 Rd6 41. Kf1 h5 42. Ke2 Nh4 43. e7 Re6 44. Nd3 Nf5 45. Nc5 Rxe7 {Szabo,
Z-Shovunov,B/Budapest FS03 IM 1996/EXP 52/0-1 (70)}) 11... Bxc5 12. e4 e5 13.
Bg5 Qc7 (13... Qa5 14. Rad1 Bb4 15. Nd5 Nxd5 16. Bxd5 h6 17. Be3 Nf6 18. Nxe5
Nxd5 19. exd5 Qxa4 20. d6 Be6 21. Rd4 a5 22. Qh5 Qc2 23. Nd3 Rfd8 24. Rc1 Qb3
25. Bxh6 gxh6 26. Qxh6 Bxd6 27. Nc5 Bxc5 28. Qg5+ Kf8 29. Rxd8+ Rxd8 30. Qxd8+
Kg7 31. Rxc5 Qxb2 32. h4 a4 33. Rg5+ {1-0 Christiansen,L-Velikov,P/Saint John
op-2 1988/CBM 06}) 14. Rac1 {[%cal Gc1c7]} Qb8 15. Nd5 $1 Nxd5 16. Bxd5 $32 h6
17. Bh4 Bd6 {[%cal Yd7b6]} (17... Ra7 {[%cal Yb7b6]} 18. Rfd1 b6 19. Bg3 $1 $16
{[%csl Ge5]}) 18. Qe3 (18. Rfd1 $1 Nb6 19. Bb3 Bg4 20. a5 Nd7 21. h3 $16 Bh5
$140 22. Qd2 Nc5 23. Bc2 Bxf3 24. gxf3 Bc7 25. Be7) 18... Ra7 19. Nd2 (19. Rfd1
$142 $5 b6 20. Qd2 $1 Bc7 (20... Rc7 21. Rc6 $1 $16) 21. b4 $16) 19... b5 20.
a5 {[%csl Rc5][%cal Gd2b3]} Rc7 21. Nb3 Bb7 22. Bxb7 Rxc1 (22... Qxb7 23. Rxc7
(23. Qd2 Bc5) 23... Bxc7 24. Rd1 $14 {[%csl Rc5]}) 23. Rxc1 Qxb7 24. Qd2 $1 {
[%csl Rc5]} Bb8 25. Rd1 $18 Nf6 26. Bxf6 gxf6 27. Nc5 {[%cal Gc5d7,Gd2h6]} Qe7
28. Nd7 Kg7 (28... Rc8 29. Qxh6 Rc6 30. Rd3 $18) 29. Nxf8 Qxf8 30. Rc1 $1 Bd6
31. Qd1 $1 {[%cal Yd1g4,Yc1c8,Yg4c8]} Bc5 32. Qg4+ Kh7 33. Qf5+ Kg7 34. b4 $1
Be7 35. Rc8 Bd8 36. Qg4+ Kh7 37. Qd7 1-0

[Event "Novgorod"]
[Site "Novgorod"]
[Date "1997.06.20"]
[Round "8"]
[White "Bareev, Evgeny"]
[Black "Kasparov, Garry"]
[Result "1/2-1/2"]
[WhiteElo "2665"]
[BlackElo "2795"]
[Annotator "Huzman,A"]
[PlyCount "83"]
[EventDate "1997.06.11"]
[EventType "tourn"]
[EventRounds "10"]
[EventCountry "RUS"]
[EventCategory "19"]
[SourceTitle "CBM 060"]
[Source "ChessBase"]
[SourceDate "1997.09.29"]
[SourceVersion "1"]
[SourceVersionDate "1997.09.29"]
[SourceQuality "1"]

1. Nf3 (1. d4 d5 2. c4 c6 3. Nc3 Nf6 4. e3 a6 5. a4 e6 6. Nf3 c5 7. Bd3 Nc6 8.
O-O dxc4 9. Bxc4 Be7 10. dxc5 Qxd1 11. Rxd1 Bxc5 12. Bd2 b6 13. Bd3 Nb4 14. Be2
Bb7 $11 {Epishin,V-Salov,V/St.Petersburg 1997/1/2-1/2 (43)}) 1... d5 2. d4 Nf6
3. c4 e6 4. Nc3 dxc4 5. e3 a6 6. a4 c5 7. Bxc4 Nc6 8. O-O Be7 9. dxc5 Qxd1 (
9... Bxc5 10. Qe2 Qc7 11. e4 Ng4 {[%cal Yc6d4]} 12. g3 $36 {[%cal Gc1f4]}) 10.
Rxd1 Bxc5 11. h3 {[%cal Ge3e4,Ge4e5]} (11. e4 $2 Ng4 $15) (11. Bd2 b6 {1/2-1/2
Polugaevsky,L-Ribli,Z/Reggio Top16 1991} (11... b6 12. Na2 {1/2-1/2 Karpov,
A-Ribli,Z/Reggio Top16 1991} (12. Rac1 Bb7 13. Na2 O-O 14. Be1 a5 15. Nc3 Rfd8
16. Kf1 Kf8 17. Bb5 Rxd1 18. Rxd1 Ke7 19. h3 h6 20. Nd2 Rd8 21. Rc1 Nb4 22. Nb3
Bd6 23. Nd4 Rc8 24. Nce2 Rxc1 25. Nxc1 Nfd5 26. Bc4 Be5 27. Ncb3 Nc6 28. Bd2
Nxd4 29. Nxd4 Bxd4 30. exd4 Kd7 31. Ke2 Bc6 32. Bb3 Ne7 33. f3 Nf5 34. Bc3 g5
35. Bc2 Ne7 36. Bd2 Nd5 37. h4 f6 38. g3 Ne7 39. b4 Nf5 {1/2-1/2 Karpov,
A-Hjartarson,J/Seattle cqf 1989}) (12. Ng5 Na5 13. Ba2 Bb7 14. Rac1 Rc8 15. Ne2
Nc6 16. a5 h6 17. Nf3 Ne4 18. Be1 bxa5 19. Bb1 Nb4 20. Ne5 Nd6 21. Nd3 Nxd3 22.
Bxd3 a4 23. Bc2 Bc6 24. Bxa4 Kd7 25. Bxc6+ Rxc6 26. Ra1 Rb8 27. Bc3 f6 28. Ra4
e5 29. Rg4 g5 30. Ra4 Ke6 31. Rda1 Rbb6 32. Kf1 f5 33. b4 Bxe3 34. fxe3 Kd5 35.
Rd1+ Ke6 36. Rda1 Nc4 37. Kf2 Rd6 38. R4a2 Rd3 39. Rxa6 {1-0 Smejkal,J-Huebner,
R/Rio de Janeiro izt 1979})) (11... Na5 12. Ba2 b6 13. Ne2 Nc6 14. a5 Bb7 15.
Rdc1 Nd7 16. Ned4 Nxd4 17. Nxd4 b5 $11 {1/2-1/2 Smejkal,J-Chernin,A/Moscow
GMA-op 1989 (27)})) (11. Nd4 Bd7 12. Nxc6 Bxc6 13. b3 Ke7 14. Bb2 Rhd8 15. Ne2
Rxd1+ 16. Rxd1 Rd8 $11 {1/2-1/2 Krasenkov,M-Gelfand,B/Vilnius 1988 (22)}) 11...
b6 12. e4 Na5 13. Bd3 (13. Ba2 Bb7 14. e5 (14. Re1 Bb4 15. Bd2 O-O 16. e5 Nd7
17. Ne4 Bxd2 18. Nexd2 Nc6 19. Bb1 Rfd8 20. Nc4 Rab8 $11 {[%csl Re5] Uhlmann,
W-Galliamova,A/Aruba Tumba 1992/0-1 (60)}) 14... Nd7 15. Bf4 Bxf3 16. gxf3 Nc6
$17 {[%csl Re5]}) 13... Nb3 (13... Bb7 $5 14. Rb1 Nb3 15. Bf4 $14) 14. Rb1 Nxc1
15. Rbxc1 $32 {[%cal Ge4e5]} Bd7 (15... Bb7 16. a5 $5 bxa5 17. e5 (17. Nb5
Bxf2+ 18. Kxf2 axb5 19. Bxb5+ Kf8) 17... Nd7 (17... Bxf3 18. gxf3 Nd7 (18...
Nh5 $5) 19. Be4 Ra7 (19... Rd8 20. Na4 $36) 20. Bc6 Ke7 21. Na4 $1 $18 Bb4 22.
Bxd7 Rxd7 23. Rxd7+ Kxd7 24. Nb6+) 18. Ne4 (18. Be4 Rb8 19. Bxb7 Rxb7 20. Ne4
Rc7 21. Rxd7 (21. Nd6+ Ke7) 21... Bxf2+ 22. Kxf2 Kxd7 $11) 18... Bb4 (18...
Bxe4 19. Bxe4 Rc8 20. Nd4 $1 Rc7 (20... Nxe5 21. Bb7 Rc7 22. Bc6+ Nxc6 23. Rxc5
$18) 21. Nb3 $16) 19. Rc7 Bd5 20. Nd6+ Kd8 21. Rdc1 $44) 16. e5 Nd5 17. Be4
Nxc3 18. Rxc3 Rd8 (18... Rc8 $142 19. a5 (19. Bb7 Rc7 20. Bxa6 Bxa4 21. Ra1 Bd7
$11 (21... Bc6 $2 22. Bb5 O-O 23. Bxc6 Rxc6 24. Rac1 Rfc8 25. Nd4 R6c7 26. Nb5
$18 {[%cal Gb2b4]})) 19... Ke7 20. Bb7 Rc7 21. Bxa6 bxa5 $11) 19. a5 $1 Bb5 (
19... h6 20. b4 $1 Bxb4 21. Rc7 $18 {[%cal Gc7d7]}) 20. Rxd8+ Kxd8 21. Ng5 $1
Kd7 (21... Ke7 22. b4 Bxb4 23. Rc7+ $18) 22. axb6 Bxb6 23. Rf3 $1 $16 f5 24.
exf6 gxf6 25. Rxf6 Bd4 26. Rf7+ (26. Rh6 $1 Bc4 (26... Bg7 27. Rxe6 h6 28. Rg6
$18) 27. Nf7 Bg7 28. Rh5 Rf8 29. Ne5+ $18) 26... Kd6 27. b3 h6 28. Nf3 Bc3 $14
{[%csl Rb3]} 29. g4 Rb8 $132 30. Rh7 Bd7 31. Rxh6 (31. Bc2 Rf8 32. Kg2 Bc6 $132
) 31... Rxb3 {[%cal Ya6a1]} 32. Ng5 Rb6 33. Bd3 Bd4 34. Ne4+ Kc7 35. Rh7 a5 36.
g5 a4 37. Nf6 Bxf6 38. gxf6 Rb8 $1 $11 39. Bc4 Kd6 40. Rh4 Ke5 41. Rh7 Kd6 42.
f7 1/2-1/2